000 01157nam a2200301Ia 4500
003 AR-RoIUNI
005 20210311112700.0
007 ta
008 150616s2008 sp r 000 1 spa d
020 _a9788446016731
040 _cIUNIR
080 _a162.6
100 1 _aAdorno, Theodor W.,‏ ‎
_d1903-1969‏.
245 1 0 _aDialéctica negativa ; La jerga de la autenticidad.
_pObra completa.
_n6 /
_cTh.W.Adorno ; edición de Rolf Tiedemann ; con la colaboración de Gretel Adorno, Susan Bech-Morss y Klauss Schultz ; traducción de Alfredo Brotons Muñoz
250 _a1a. ed.
260 _aMadrid :
_bAkal,
_c2008.
300 _a505 p. ;
_c18 cm
490 1 _aAkal básica de bolsillo ;
_v66
505 1 _aPrimera parte. Relación con la ontología -- Segunda parte. Dialéctica negativa. Conceptos y categorías -- Tercera parte. Modelos.
505 1 _aLa jerga de la autenticidad. La ideología alemana.
650 4 _aPSICOLOGÍA
_9108
650 4 _aDIALÉCTICA
650 4 _aLENGUAJE
_xFILOSOFÍA
700 1 _aTiedemann, Rolf.
700 1 _aBrotons Muñoz, Alfredo.
830 0 _aBásica de bolsillo (Akal) ;
_v66.
942 _cBK
_2cdu
999 _c1431
_d1431